| 000 | 00678nam a2200205 a 4500 | ||
|---|---|---|---|
| 003 | MX-MxUPN | ||
| 005 | 20221118063434.0 | ||
| 008 | 991125s1967 es a r 000 0 spa d | ||
| 035 | _aUPN01000001399 | ||
| 040 |
_aMX-MxUPN _bspa _cMX-MxUPN |
||
| 041 | 0 | _aspa | |
| 050 | 1 | 4 |
_aLB1573 A425 _bA43 |
| 245 | 0 | 0 |
_aAlborada : _blibro de lectura : quinto año / _cBlanca S. de Solares ... [et al.] |
| 260 |
_aEl Salvador : _bODECA, _c1967. |
||
| 300 |
_a343 p. : _bil. col. |
||
| 500 | _a"Aprobado por el Ministerio de Educación. Nota no. 28089, 12 mayo 1967" | ||
| 650 | 4 |
_aLectura _xEstudio y enseñanza (Elemental) _92805 |
|
| 700 | 1 |
_aSolares, Blanca S. de, _ecoaut. |
|
| 905 | _aLibro | ||
| 999 |
_c1399 _d1399 |
||